<The> Impact of COVID-19 on Formation and Evaluation of Portfolio Performance: A Case of Indonesia

Testovanie výkonnosti portfólia pomocou Sharpe single indexového modelu. Negatívny vplyv COVID-19 na akciový trh a strata investorov na svojich portfóliách. Potreba vyhodnotenia výkonnosti portfólií investormi a reštrukturalizácia nových portfólií v súvislosti s pandémiou COVID-19.

Gespeichert in:
Bibliographische Detailangaben
1. Verfasser: Nurhayati, Immas
Weitere Verfasser: Endri, Endri, Suharti, Titing, Aminda, Renea Shinta, Muniroh, Leny
Format: Buchkapitel
Sprache:Englisch
Schlagworte:
Tags: Tag hinzufügen
Keine Tags, Fügen Sie das erste Tag hinzu!

MARC

LEADER 00000naa a2200000 4500
001 0279248
005 20211022132946.1
041 0 |a eng 
044 |a UA 
245 1 0 |a <The> Impact of COVID-19 on Formation and Evaluation of Portfolio Performance: A Case of Indonesia  |c Immas Nurhayati, Endri Endri, Titing Suharti, Renea Shinta Aminda, Leny Muniroh 
520 |a Testovanie výkonnosti portfólia pomocou Sharpe single indexového modelu. Negatívny vplyv COVID-19 na akciový trh a strata investorov na svojich portfóliách. Potreba vyhodnotenia výkonnosti portfólií investormi a reštrukturalizácia nových portfólií v súvislosti s pandémiou COVID-19. 
610 2 0 |a výkonnosť 
610 2 0 |a portfólio 
610 2 0 |a modely ekonomické 
610 2 0 |a trh akciový 
610 2 0 |a pandémia 
610 2 0 |a koronavírus 
610 2 0 |a Indonézia 
100 1 |a Nurhayati, Immas 
700 1 |a Endri, Endri 
700 1 |a Suharti, Titing 
700 1 |a Aminda, Renea Shinta 
700 1 |a Muniroh, Leny